Hemos creido en el amor (Record no. 171533)

MARC details
000 -LEADER
campo de control de longitud fija 00678nam a22002055i 4500
001 - NÚMERO DE CONTROL
campo de control 171533
003 - IDENTIFICADOR DE NÚMERO DE CONTROL
campo de control ES-MaACL
005 - FECHA Y HORA DE LA ÚLTIMA TRANSACCIÓN
campo de control 20251012191942.0
008 - DATOS DE LONGITUD FIJA--INFORMACIÓN GENERAL
campo de control de longitud fija 090519s1968 sp |||| | spa d
080 ## - NÚMERO DE LA CLASIFICACIÓN DECIMAL UNIVERSAL
Número de la Clasificación Decimal Universal 248.159.24
100 1# - ENTRADA PRINCIPAL--NOMBRE DE PERSONA
Nombre de persona Solano, Jesús.
9 (RLIN) 107079
245 10 - MENCIÓN DEL TÍTULO
Título Hemos creido en el amor
Resto del título : cursillo pastoral en el año de la fe /
Mención de responsabilidad, etc. PP. Solano, Caballero y Bidagor.
260 ## - PUBLICACIÓN, DISTRIBUCIÓN, ETC.
Lugar de publicación, distribución, etc. Madrid :
Nombre del editor, distribuidor, etc. [Cor. Jesús],
Fecha de publicación, distribución, etc. 1968.
300 ## - DESCRIPCIÓN FÍSICA
Extensión 152 p. ;
Dimensiones 17 cm.
650 14 - PUNTO DE ACCESO ADICIONAL DE MATERIA--TÉRMINO DE MATERIA
Término de materia o nombre geográfico como elemento de entrada Sagrado Corazón de Jesús-
Subdivisión general Culto.
9 (RLIN) 140224
700 1# - ENTRADA AGREGADA--NOMBRE PERSONAL
Nombre de persona Caballero, José,
Fechas asociadas al nombre 1899-1983
9 (RLIN) 138728
700 0# - ENTRADA AGREGADA--NOMBRE PERSONAL
Nombre de persona Bidagor, José R.
9 (RLIN) 28785
852 ## - LOCALIZACIÓN
Ubicación ES-MaACL
Número de control de estantería C-36109
itemnumber R.66955
Holdings
Estatus retirado Estado de pérdida Estado de daño No para préstamo Biblioteca de origen Biblioteca actual Ubicación en estantería Fecha de adquisición Fuente de adquisición Total de préstamos Signatura topográfica completa Código de barras Visto por última vez Precio de reemplazo Tipo de ítem Koha
        Biblioteca del Ateneo de Madrid Biblioteca del Ateneo de Madrid Depósito 2 19/05/2009     C-36109 1180011 23/02/2023 23/02/2023 Libro impreso